League of Legends - Champions & ihre Regionen - Statistiken

Allgemein
  • Dieses Quiz wurde 747 mal gespielt
  • Das Durchschnittsergebnis liegt bei 11 aus 16
Antwortstatistiken
Bildquiz Hint Antwort % Korrekt
Samira Noxus
93%
Taliyah Shurima
86%
Rammus Shurima
85%
Poppy Demacia
83%
Dr. Mundo Zaun
82%
Thresh Shadow Isles
76%
Nautilus Bilgewater
75%
Blitzcrank Zhaun
75%
Ornn Freljord
73%
Kayn Ionia
68%
Soraka Targon
65%
Rumble Bandle
63%
Udyr Freljord
61%
Rengar Ixtal
51%
Janna Zhaun
45%
Tahm Kench Runeterra
29%
Keine übereinstimmenden Quizze gefunden
Verteilung der Resultate
Anzahl Personen mit jedem Resultat
Perzentil nach korrekt beantworteten Fragen
Ihre Resultats-Entwicklung
Sie haben dieses Quiz noch nicht gespielt